000 01162nam a2200325 i 4500
003 EG-GICUC
005 20260121101442.0
008 251208s2005 ua ||||fr|||| 000 0 ara d
040 _a EG-GICUC
_bara
_c EG-GICUC
_d EG-GICUC
_erda
041 _aara
082 0 4 _221
_a343.46
_b أ ح . ج
092 0 4 _221
099 _aLaw1 10 343.46 أ ح . ج 2005
100 0 _aاحمد طه خليفة
_eمؤلف.
245 1 2 _aالجرائم المعلوماتية /
_bاحمد طه خليفة.
264 1 _aالإسكندرية :
_bدار الفكر الجامعي،
_c2005.
300 _a720 صفحة ؛
_c24 سم
336 _2rda content
_atext
337 _2rda media
_aComputer
338 _2rda carrier
_aOnline Resource
504 _a. 710-687ببليوجرافيا: صفحات.
546 _aالنص باللغة العربية
650 1 4 _aالتشريعات المتعلقة بتقنية المعلومات
_2qrmak
650 1 4 _aاركان الجريمة
650 1 4 _aالحماية الجنائية
651 1 _2qrmak
856 4 0 _uhttps://fll.law.cu.edu.eg/fulltext/bks/B10-07052.pdf
905 _a79
_eHassnaa
942 _2ddc
_cBK
_e21
_n0
999 _c49133
_d49133